Existují cesty pronikání podniků na zahraniční trhy?

Vplyvy na expanziu na zahraničné trhy, s ktorými musí podnikateľ počítať pri spracovaní podnikateľského zámeru. Stupeň využitia kapitálu a rozsah organizovanosti expanzie v zahraničí. Riziko pri prenikaní na zahraničné trhy. Exportovanie. Atraktívnosť zahraničného trhu a úroveň konkurencieschopnosti...

Ausführliche Beschreibung

Gespeichert in:
Bibliographische Detailangaben
1. Verfasser: Rasner, J.
Weitere Verfasser: Matuszewski, A.
Format: Buchkapitel
Sprache:Tschechisch
Schlagworte:
Tags: Tag hinzufügen
Keine Tags, Fügen Sie das erste Tag hinzu!

MARC

LEADER 00000naa a2200000 4500
001 r013096
005 20221205080204.1
041 0 |a cze 
044 |a CZ 
245 1 0 |a Existují cesty pronikání podniků na zahraniční trhy?  |c J. Rasner, A. Matuszewski 
520 |a Vplyvy na expanziu na zahraničné trhy, s ktorými musí podnikateľ počítať pri spracovaní podnikateľského zámeru. Stupeň využitia kapitálu a rozsah organizovanosti expanzie v zahraničí. Riziko pri prenikaní na zahraničné trhy. Exportovanie. Atraktívnosť zahraničného trhu a úroveň konkurencieschopnosti firmy. Stratégia zahraničných firiem, ktorá sa uplatňuje na trhu. Charakter (novosť) výrobkov a trhov a ich vplyv na výber stratégie expanzie na zahraničné trhy. 
610 2 0 |a trh zahraničný 
610 2 0 |a podnik 
610 2 0 |a podnikanie 
610 2 0 |a podnikatelia 
610 2 0 |a riziko 
610 2 0 |a vývoz 
610 2 0 |a podnik zahraničný 
610 2 0 |a stratégia hospodárska 
610 2 0 |a stratégia podniková 
610 2 0 |a konkurencieschopnosť 
100 1 |a Rasner, J. 
700 1 |a Matuszewski, A.